|
|
|
|
| LEADER |
01819nam a2200541 i 4500 |
| 001 |
nkc20203222139 |
| 003 |
CZ PrNK |
| 005 |
20201208040857.0 |
| 007 |
ta |
| 008 |
200604s2020 xr e 000 0 cze |
| 015 |
|
|
|a cnb003222139
|
| 020 |
|
|
|a 978-80-7017-277-3
|q (brožováno)
|
| 035 |
|
|
|a (OCoLC)1200256798
|
| 040 |
|
|
|a OLA001
|b cze
|e rda
|
| 072 |
|
7 |
|a 27
|x Křesťanství. Křesťanská církev všeobecně. Eklesiologie
|2 Konspekt
|9 5
|
| 080 |
|
|
|a 274/279-184.3
|2 MRF
|
| 080 |
|
|
|a 27-184
|2 MRF
|
| 080 |
|
|
|a 27-236.5
|2 MRF
|
| 080 |
|
|
|a 2-474-256-277
|2 MRF
|
| 080 |
|
|
|a 2-231
|2 MRF
|
| 080 |
|
|
|a (0:82-5)
|2 MRF
|
| 100 |
1 |
|
|a Rejchrt, Miloš,
|d 1946-
|7 jn19990216153
|4 aut
|
| 245 |
1 |
0 |
|a Nechte Boha odejít :
|b šest kázání /
|c Miloš Rejchrt
|
| 250 |
|
|
|a První vydání
|
| 264 |
|
1 |
|a Praha :
|b Kalich,
|c 2020
|
| 300 |
|
|
|a 68 stran ;
|c 18 cm
|
| 336 |
|
|
|a text
|b txt
|2 rdacontent
|
| 337 |
|
|
|a bez média
|b n
|2 rdamedia
|
| 338 |
|
|
|a svazek
|b nc
|2 rdacarrier
|
| 630 |
0 |
7 |
|a Bible
|7 unn2006374667
|2 czenas
|
| 630 |
0 |
9 |
|a Bible
|2 eczenas
|
| 650 |
0 |
7 |
|a evangelická víra
|7 ph120040
|2 czenas
|
| 650 |
0 |
7 |
|a Bůh a člověk
|7 ph116953
|2 czenas
|
| 650 |
0 |
7 |
|a biblické události
|7 ph138437
|2 czenas
|
| 650 |
0 |
7 |
|a biblická interpretace
|7 ph118847
|2 czenas
|
| 650 |
0 |
7 |
|a biblické citáty
|7 ph118853
|2 czenas
|
| 650 |
0 |
9 |
|a Evangelical faith
|2 eczenas
|
| 650 |
0 |
9 |
|a relations between God and man
|2 eczenas
|
| 650 |
0 |
9 |
|a Biblical events
|2 eczenas
|
| 650 |
0 |
9 |
|a Biblical interpretation
|2 eczenas
|
| 650 |
0 |
9 |
|a Biblical quotations
|2 eczenas
|
| 655 |
|
7 |
|a kázání
|7 fd131846
|2 czenas
|
| 655 |
|
9 |
|a sermons
|2 eczenas
|
| 910 |
2 |
|
|a BOA001
|b 1-1448.365
|
| 990 |
|
|
|a BK
|
| 995 |
|
|
|a 01
|
| 991 |
|
|
|b 202006
|c NOV
|
| 996 |
6 |
|
|b 2610826328
|c 1-1448.365
|l MZK
|r Sklad / do 1 hodiny
|n 0
|p p.v.
|w 001806195
|u 000010
|a 1
|e BOA001
|j MZK50
|s P
|